Cognitive behavioural therapy for eating disorders: a comprehensive treatment guide (Record no. 11637)
[ view plain ]
| 000 -LEADER | |
|---|---|
| fixed length control field | 00510nam a2200169Ia 4500 |
| 082 ## - DEWEY DECIMAL CLASSIFICATION NUMBER | |
| Classification number | 616.85206 COG- |
| 245 #0 - TITLE STATEMENT | |
| Title | Cognitive behavioural therapy for eating disorders: a comprehensive treatment guide |
| 260 ## - PUBLICATION, DISTRIBUTION, ETC. (IMPRINT) | |
| Place of publication | Cambridge |
| Name of publisher | Cambridge University Press |
| Year of publication | 2007 |
| 300 ## - PHYSICAL DESCRIPTION | |
| Number of Pages | xxii, 444 |
| 504 ## - BIBLIOGRAPHY, ETC. NOTE | |
| Bibliography, etc | includes index |
| 650 ## - SUBJECT ADDED ENTRY--TOPICAL TERM | |
| Topical Term | Eating disorders |
| Form subdivision | Treatment |
| 650 ## - SUBJECT ADDED ENTRY--TOPICAL TERM | |
| Topical Term | Cognitive therapy |
| 650 ## - SUBJECT ADDED ENTRY--TOPICAL TERM | |
| Topical Term | Behavior therapy |
| 650 ## - SUBJECT ADDED ENTRY--TOPICAL TERM | |
| Topical Term | Eating disorders |
| Form subdivision | Therapy |
| 700 ## - ADDED ENTRY--PERSONAL NAME | |
| Personal name | Waller, Glenn |
| 942 ## - ADDED ENTRY ELEMENTS (KOHA) | |
| Koha item type | Books |
| Source of classification or shelving scheme | Dewey Decimal Classification |
| Withdrawn status | Lost status | Damaged status | Not for loan | Home library | Current library | Date acquired | Bill Date | Full call number | Accession Number | Price effective from | Koha item type |
|---|---|---|---|---|---|---|---|---|---|---|---|
| NASSDOC Library | NASSDOC Library | 31/12/1899 | 2006-03-06 | 616.85206 COG- | 43740 | 18/04/2019 | Books |
